British rubber manufacturing : An economic study of innovations
Contents: An outline of the structure of the bristish rubber manufactoring industry, Developments in rubber compounding, Synthetic rubber, Tyres and tubes, Rubber footwear, Latex-General, Latex foam and other cellular rubbers, dipped goods,....
Guardat en:
| Autor principal: | |
|---|---|
| Format: | Llibre |
| Idioma: | Undetermined |
| Publicat: |
London
Gerald Duckworth
1958
|
| Matèries: | |
| Etiquetes: |
Afegir etiqueta
Sense etiquetes, Sigues el primer a etiquetar aquest registre!
|
| Thư viện lưu trữ: | Trung tâm Học liệu Trường Đại học Cần Thơ |
|---|
| LEADER | 00912nam a2200229Ia 4500 | ||
|---|---|---|---|
| 001 | CTU_220328 | ||
| 008 | 210402s9999 xx 000 0 und d | ||
| 020 | |c 33.58 | ||
| 082 | |a 338.47678 | ||
| 082 | |b D685 | ||
| 100 | |a Donnithorne, Audrey. | ||
| 245 | 0 | |a British rubber manufacturing : | |
| 245 | 3 | |b An economic study of innovations | |
| 245 | 0 | |c Audrey G.Donnithorne | |
| 260 | |a London | ||
| 260 | |b Gerald Duckworth | ||
| 260 | |c 1958 | ||
| 520 | |a Contents: An outline of the structure of the bristish rubber manufactoring industry, Developments in rubber compounding, Synthetic rubber, Tyres and tubes, Rubber footwear, Latex-General, Latex foam and other cellular rubbers, dipped goods,.... | ||
| 650 | |a Rubber industry and trade,Công nghiệp cao su và thương mại | ||
| 650 | |z Great Britain | ||
| 904 | |i Gia Linh,Hải | ||
| 980 | |a Trung tâm Học liệu Trường Đại học Cần Thơ | ||